| 000 | 00812nam a22002291i 4500 | ||
|---|---|---|---|
| 001 | 13399 | ||
| 090 | _a13399 | ||
| 010 | _a9789727592210 | ||
| 100 | _a20170304u u u0frey50 ba | ||
| 101 | 0 | _apor | |
| 200 | 1 |
_fHolly Bennett _aA idade pré-escolar _e3 a 5 anos |
|
| 215 |
_a143, [1] p. _cil. _d20 cm |
||
| 300 | _aOferta de Raquel e Duarte Vaz Pinto | ||
| 702 | 1 |
_aPinto _bAna Teresa _4730 |
|
| 701 | 1 |
_aPitman _bTeresa _4070 |
|
| 700 | 1 |
_aBennett _bHolly _4070 |
|
| 210 |
_cTemas e Debates _aLisboa _d2000 |
||
| 225 | 2 | _aA par e passo | |
| 410 | 0 | _tA par e passo | |
| 996 |
_f0015270 _kBEN _m00000000 _n00000000 _aBMVA _b1 _vViana do Alentejo _xEducação. Ensino. Pedagogia _y21 _eLivro _10 _31 |
||
| 996 |
_f0026676 _kBEN _m00000000 _n00000000 _aBMVAAL _b3 _vAlcáçovas _xEducação. Ensino. Pedagogia _y21 _eLivro _10 _31 |
||
| 990 | _cLIVROS | ||